Statistics for Colleges and universities in North Carolina

Click here to take the quiz!

General Stats

  • This quiz has been taken 1,041 times
    (969 since last reset)
  • The average score is 11 of 15

Answer Stats

HintAnswer% Correct
DurhamDuke
94%
RaleighNC State
86%
ElonElon University
83%
GreensboroUNC Greensboro
83%
WilmingtonUNC Wilmington
82%
DavidsonDavidson College
80%
Chapel HillUNC Chapel Hill
80%
CharlotteUNC Charlotte
79%
Winston-SalemWake Forest
79%
AshevilleUNC Asheville
77%
High PointHigh Point
74%
BooneAppalachian State
70%
GreenvilleEast Carolina
66%
PembrokeUNC Pembroke
62%
Boiling SpringsGardner-Webb
27%

Score Distribution

Percentile by Number Answered

Percent of People with Each Score

Your Score History

You have not taken this quiz since the last reset